[Event "USA Championship 2021"]
[Site "Saint Louis"]
[Date "2021.10.13"]
[Round "7.1"]
[White "Dominguez Perez, Leinier"]
[Black "Naroditsky, Daniel"]
[Result "1/2-1/2"]
[WhiteElo "2760"]
[BlackElo "2623"]
[Annotator "TA"]
[PlyCount "101"]
[EventDate "2021.10.06"]
[EventCountry "USA"]
[SourceTitle "playchess.com"]
[Source "ChessBase"]
[SourceQuality "1"]

{[%evp 15,101,54,47,30,79,54,72,43,40,40,39,8,40,29,51,19,16,24,51,64,64,57,65,46,47,73,65,52,115,121,101,118,125,0,0,0,118,122,122,122,112,131,137,133,120,54,72,24,42,10,41,0,0,0,40,0,0,0,13,0,50,0,14,0,68,0,1,0,0,0,0,0,0,0,0,0,0,0,0,0,0,0,0,0,0,0,0,0]} 1. e4 e5 2. Nf3 Nc6 3. Bb5 f5 4. Nc3 fxe4 5. Nxe4 Nf6 6. Nxf6+ Qxf6 7. Qe2 Be7 8. Bxc6 bxc6 9. Nxe5 {C63: Ruy Lopez: Schliemann/Jaenisch Defence.} Bb7 10. O-O O-O-O {[#]} 11. b3 $146 {White is better.} ({Predecessor:} 11. d4 c5 12. Be3 Rhe8 13. c3 Ba6 14. Qc2 Bxf1 15. Rxf1 Bd6 {0-1 (15) Petersons,I (2256)-Lins,T (2462) ICCF email 2019}) 11... Qf5 12. Bb2 Qxc2 13. Nc4 Rde8 14. Qh5 (14. Bxg7 $2 Bf6 $1 $19 {[%mdl 512]}) 14... Bf6 15. Bxf6 gxf6 16. Qc5 Qe4 17. f3 Qd5 18. Qxa7 c5 {Threatens to win with ...Rhg8!} 19. Na5 Qd4+ $1 20. Kh1 Bd5 21. Qa6+ $40 {[%mdl 128] White attacks.} Kb8 (21... Kd8 $14) 22. Rac1 $16 Rhg8 {...Rxg2! is the strong threat.} 23. Qb5+ Kc8 24. Qa6+ ({Don't blunder} 24. Rxc5 $2 {[#]} Rxg2 $3 {[%mdl 512]} 25. Rxc7+ (25. Kxg2 {is a self mate.} Qg4+ 26. Kh1 Bxf3+ 27. Rxf3 Qxf3+ 28. Kg1 Re1+ 29. Qf1 Rxf1#) (25. Rxd5 $2 Rxh2+ 26. Kxh2 Qh4+ 27. Kg1 Rg8+ 28. Rg5 Rxg5+ 29. Qxg5 Qxg5+ 30. Kh2 Qxa5 $19) 25... Kxc7 $19) (24. Qxc5 $16 Qxc5 25. Rxc5) 24... Kb8 $11 {White must now prevent ...Rxg2!} 25. Qb5+ ({White should try} 25. Rg1 $11) 25... Kc8 $16 {( -> ...Rxg2!)} 26. Qxc5 Qxc5 27. Rxc5 c6 28. Nc4 Bxc4 29. Rxc4 {[%mdl 4096] Endgame KRR-KRR} Re2 30. g3 ({White should play} 30. Rg4 $16 Rxg4 31. fxg4) 30... Rxd2 $14 31. Ra4 {Strongly threatening Ra8+.} Kb7 32. Kg1 d5 33. Rf2 Rd1+ 34. Rf1 Rd2 35. Rf2 Rd1+ 36. Kg2 Re8 37. Rh4 Re7 (37... Kb6 {seems wilder.} 38. Rxh7 Rd8 39. Re7 d4 40. Rf1 Rd2+) 38. Rf4 Re6 39. Rh4 (39. Rb4+ $11 Ka6 40. Rb8) 39... Re7 40. Rf4 (40. Rb4+ $1 $14 Kc7 41. a4) 40... Re6 $11 {The position is equal.} 41. Rb2 (41. Rb4+ {keeps more tension.} Ka6 42. Rb8 Rd6 43. Rc2 d4 44. Rc4) 41... d4 42. Re4 (42. Kf2 {with more complications.} Kb6 43. a3 d3 44. Re4 Rd6 45. Ke3) 42... Rxe4 43. fxe4 {KR-KR} c5 44. Rf2 Ra1 45. Rc2 Kb6 46. Kf3 Re1 47. Re2 Rf1+ 48. Rf2 Re1 49. Re2 $1 {[%cal Re2e1]} Rf1+ 50. Rf2 Re1 51. Re2 $1 {[%cal Re2e1] Weighted Error Value: White=0.16/Black=0.07} 1/2-1/2

[Event "USA Championship 2021"]
[Site "Saint Louis"]
[Date "2021.10.13"]
[Round "7.2"]
[White "Swiercz, Dariusz"]
[Black "Shankland, Sam"]
[Result "1/2-1/2"]
[WhiteElo "2647"]
[BlackElo "2714"]
[Annotator "TA"]
[PlyCount "136"]
[EventDate "2021.10.06"]
[EventCountry "USA"]
[SourceTitle "playchess.com"]
[Source "ChessBase"]
[SourceQuality "1"]

{[%evp 16,136,32,0,0,-24,-7,0,0,0,6,12,9,8,15,16,17,-5,0,0,0,0,12,6,8,0,0,0,10,0,0,0,3,12,32,0,18,0,0,0,0,-2,-7,-14,0,0,0,0,0,0,0,0,0,-11,0,0,0,-8,0,0,47,66,117,50,43,45,47,51,49,6,61,0,1,0,0,0,0,0,0,0,61,66,64,0,0,0,66,65,65,65,79,8,25,0,0,0,0,0,27,0,0,0,8,0,0,0,0,0,0,0,0,0,0,0,0,0,0,0,0,0,0,-8,-8]} 1. e4 e5 2. Nf3 Nc6 3. Bb5 Nf6 4. O-O Nxe4 5. d4 Nd6 6. Bxc6 dxc6 7. dxe5 Nf5 8. Qxd8+ Kxd8 9. h3 Bd7 {C67: Ruy Lopez: Berlin Defence: 4 0-0 Nxe4.} 10. Rd1 Be7 11. a4 a5 12. Ng5 {[#]} Ke8 $146 {[#]} (12... Re8 {feels hotter.} 13. Nxf7+ Kc8 14. Ng5 c5 15. Nf3 Bc6) ({Predecessor:} 12... Bxg5 13. Bxg5+ Ke8 14. g4 h6 15. Bf4 Ne7 16. Nc3 Be6 17. Bg3 h5 18. f3 Ng6 {½-½ (36) Noble,M (2489)-Chen,F (2327) ICCF email 2019}) 13. Nxf7 $1 Kxf7 14. Rxd7 Rad8 15. Rd2 Ke6 16. Nc3 Rxd2 17. Bxd2 Nd4 18. Rc1 Bb4 {aiming for ...Bxc3.} 19. Kf1 Kxe5 20. Nb1 Ne6 21. c3 Bc5 22. b4 Bb6 23. Na3 Ra8 24. Nc4+ Kf6 25. Ra1 Ke7 26. Ra2 Kd7 27. g3 axb4 28. cxb4 Bd4 29. Ra3 b6 30. f4 g6 31. Ke2 Re8 (31... Kc8 {with more complications.} 32. Kd3 Kb7 33. Ke4 c5 34. b5 Bg7) 32. Kf3 b5 33. axb5 cxb5 34. Ne3 Kc6 35. Rd3 Ra8 36. g4 Bb6 37. Bc3 Ra3 38. Ke4 Ra2 {[#]} (38... Kb7 $14) 39. Nd5 (39. Ke5 $1 $16 {[%cal Re5e6]} Re2 40. Kxe6 Bxe3 41. f5) 39... Re2+ $14 40. Kf3 Rf2+ 41. Kg3 Ba7 42. Be5 {White wants to play Nxc7!} Re2 {[#]} (42... Rc2 $11) 43. h4 ({White should try} 43. Nxc7 $1 $14 Rxe5 44. fxe5 Kxc7 45. Kf3) 43... Re4 $11 44. Kf3 Rc4 45. h5 gxh5 46. gxh5 Nd4+ 47. Ke4 {[%cal Re5d4]} Nc2+ (47... Nb3+ $1 $11 48. Kf5 Nd4+ 49. Bxd4 Bxd4) 48. Kf5 $14 Nd4+ $1 49. Ke4 ({White should play} 49. Bxd4 $14 Bxd4 50. Ke6) 49... Nc2+ (49... Ne6+ $11 50. Kf5 Nd4+ 51. Bxd4 Bxd4) 50. Kf5 Nd4+ $1 ({Much worse is} 50... Nxb4 51. Nxb4+ Rxb4 52. h6 $16) 51. Bxd4 Bxd4 {[%mdl 4096] Endgame KRB-KRN} 52. Ke6 Bb2 53. h6 (53. f5 $16) 53... Bc1 54. Kf5 (54. f5 {looks sharper.} Re4+ 55. Kf7 Bxh6 56. Ne7+ Kb6 57. Rc3) 54... Kb7 55. Rf3 Bb2 56. Re3 Kc6 57. Rd3 Kb7 {The position is equal.} 58. Rd2 Bc1 59. Rf2 c5 60. bxc5 Kc6 61. Nf6 b4 62. Nxh7 {Strongly threatening Nf6.} b3 {White must now prevent ...Rxf4+!} 63. Nf6 {h7 is the strong threat.} b2 64. Rxb2 $1 Rxf4+ 65. Ke5 Bxb2+ 66. Kxf4 {Threatening mate with Kf5.} Bxf6 67. h7 Kxc5 68. h8=Q Bxh8 {Weighted Error Value: White=0.14/Black=0.08} 1/2-1/2

[Event "USA Championship 2021"]
[Site "Saint Louis"]
[Date "2021.10.13"]
[Round "7.3"]
[White "Caruana, Fabiano"]
[Black "Robson, Ray"]
[Result "1-0"]
[WhiteElo "2800"]
[BlackElo "2669"]
[Annotator "TA"]
[PlyCount "179"]
[EventDate "2021.10.06"]
[EventCountry "USA"]
[SourceTitle "playchess.com"]
[Source "ChessBase"]
[SourceQuality "1"]

{[%evp 9,179,-9,-9,-9,-15,-16,0,0,30,22,20,17,25,21,26,21,44,38,42,38,39,26,25,26,31,2,11,11,9,5,62,0,0,0,7,0,0,0,0,0,10,10,8,4,19,21,30,24,22,21,21,22,66,18,18,19,20,16,39,13,38,45,53,53,53,53,53,53,51,46,46,48,50,43,75,79,113,84,120,120,120,120,120,77,64,0,120,80,80,80,120,120,113,71,73,57,57,57,71,64,71,23,115,115,115,115,115,115,115,115,115,0,115,64,103,57,107,107,107,107,107,107,107,107,107,107,107,107,107,107,107,107,107,0,0,0,0,0,778,615,1029,876,815,791,29964,29968,29966,12842,29973,29974,29975,29976,29976,29977,29979,29980,29985,29985,29984,29982,29982,29981,29981,29982,29982,29983,29986,29987,29986,29987,29991,29992]} 1. c4 e5 2. Nc3 Nf6 3. g3 Bb4 4. e4 Nc6 5. Bg2 d6 6. h3 {A25: English Opening vs King's Indian with ...Nc6 but without early d3.} Be6 7. d3 {[#]} Nd7 $146 ({Predecessor:} 7... Nd4 8. a3 Bxc3+ 9. bxc3 Nc6 10. Ne2 O-O 11. O-O Qd7 12. Kh2 Ne7 13. f4 Ng6 {1-0 (61) Meiwes,T (962)-Albert,E (906) Verden 2015}) 8. Nge2 {The position is equal.} f5 9. O-O O-O 10. f4 Bxc3 11. Nxc3 fxe4 12. Nxe4 {Strongly threatening Ng5.} h6 13. g4 exf4 14. Bxf4 d5 15. cxd5 Bxd5 16. Qd2 Nd4 17. Rae1 Ne6 18. Bg3 Rxf1+ 19. Rxf1 Ndc5 ({Black should try} 19... Nb6 $11) 20. Qc3 (20. Nxc5 $1 $14 Nxc5 21. Rf5) 20... Nxe4 $11 21. dxe4 Bc6 22. Qb3 Qd4+ 23. Kh2 Re8 24. Rd1 (24. h4 {feels hotter.} a5 25. Rf5 a4 26. Qc2 Nf8 27. Bf2) 24... Qa4 25. Qxa4 Bxa4 26. Rd5 Bc6 27. Re5 g5 28. Bf1 Kg7 29. Kg2 Kf6 {Black wants to play ...Nf4+.} 30. Kf2 Nf4 31. Rxe8 Bxe8 $14 {[%mdl 4096] Endgame KBB-KBN} 32. Ke3 Ke5 33. Be1 Ne6 34. Bc4 Bg6 35. b4 a6 36. a4 Nf4 {[#] And now ...Ng2+ would win.} 37. Bc3+ Kd6 38. Bg7 h5 39. Bf1 hxg4 40. hxg4 Ne6 41. Bf6 Kd7 42. a5 Kd6 43. Bc4 Kd7 44. Bd5 c6 45. Bc4 Bh7 46. Bd4 Bg6 47. Bf6 ({Better is} 47. Bc3 $14) 47... Bh7 $1 $16 48. Bf1 Ke8 49. Bd3 Bg6 50. Bc4 Kd7 51. Bd4 Bh7 52. Ba7 Bg6 53. Bb3 Ke7 54. Bc2 Kd7 $1 55. Kf3 Bh7 (55... c5 $1 $11 {keeps the balance.} 56. Ba4+ (56. Bxc5 Nxc5 57. bxc5 Kc6 $11) 56... Kd6) 56. Be3 Bg6 57. Bd3 Ke7 58. Ke2 Ke8 59. Kd2 Kf8 60. Bc5+ (60. e5 $16 Bxd3 61. Kxd3) 60... Kg7 (60... Nxc5 $11 61. bxc5 Ke7) 61. Ke3 (61. Kc3 $16) 61... Kg8 62. Bc4 Bf7 63. Be7 Kg7 64. e5 Kg8 65. Kd2 Kg7 66. Bd3 Kg8 67. Bf5 Kg7 68. Kd3 Nf4+ 69. Kd4 Ne6+ 70. Kc4 Kg8 71. Bxg5 Nxg5+ $11 72. Kc5 {Hoping for Bc8.} Bd5 73. Bc8 Ne6+ $2 {[%mdl 8192] Black is on the road to losing.} (73... Ne4+ $11 74. Kb6 c5 75. bxc5 Kf7) 74. Kd6 $18 Kf7 75. Bxb7 {[%mdl 64] [#] Double Attack} Bc4 76. Bxc6 Nd4 77. Bd5+ Bxd5 78. Kxd5 {KN-KP} Nb5 79. g5 {White mates.} Ke7 80. g6 Nc3+ 81. Kc6 Na2 82. b5 axb5 83. Kxb5 {KN-K3P} Nc3+ 84. Kc4 Na4 85. Kb4 Nb2 86. a6 {[%cal Ba5a6,Ba6a7][%mdl 32]} Nd3+ 87. Kb5 Nf4 88. g7 Kf7 89. a7 Nd5 90. g8=B+ {[%mdl 64] Decoy, Promotion.  Weighted Error Value: White=0.12/Black=0.14} 1-0

[Event "USA Championship 2021"]
[Site "Saint Louis"]
[Date "2021.10.13"]
[Round "7.4"]
[White "Bruzon Batista, Lazaro"]
[Black "Sevian, Samuel"]
[Result "0-1"]
[WhiteElo "2645"]
[BlackElo "2654"]
[Annotator "TA"]
[PlyCount "44"]
[EventDate "2021.10.06"]
[EventCountry "USA"]
[SourceTitle "playchess.com"]
[Source "ChessBase"]
[SourceQuality "1"]

{[%evp 14,44,13,18,17,6,0,0,0,0,12,-17,16,0,0,8,0,0,0,0,0,0,0,0,0,-112,-111,-108,-118,-152,-153,-672,-641]} 1. Nf3 d5 2. g3 Nf6 3. Bg2 c5 4. c4 d4 5. e3 Nc6 6. exd4 cxd4 7. O-O e6 8. d3 Bd6 {A13: English Opening: 1...e6.} 9. Na3 O-O 10. Nc2 e5 {The position is equal.} 11. b4 Re8 12. c5 Bc7 {[#]} 13. Re1 $146 ({Predecessor:} 13. Bg5 h6 14. Bxf6 Qxf6 15. Nd2 Qg6 16. b5 Ne7 17. Nc4 Be6 18. Re1 Bxc4 19. dxc4 {1-0 (40) Mikhalevski,V (2565)-Schiendorfer,E (2310) Porto Carras 2018}) 13... e4 14. dxe4 {[%cal Rf3d4]} d3 15. Na3 Bg4 $1 16. h3 Bxf3 17. Bxf3 Nxb4 18. Rb1 a5 {[%cal Ba7a5,Ba5a4][%mdl 32]} 19. Kg2 (19. Nb5 $11) 19... Nd7 $17 20. Be3 Ne5 21. Rb3 Nxa2 {[#] Strongly threatening ...a4.} 22. Kh2 $2 (22. Bd2 $17) 22... a4 {Weighted Error Value: White=0.71/Black=0.02} 0-1

[Event "USA Championship 2021"]
[Site "Saint Louis"]
[Date "2021.10.13"]
[Round "7.5"]
[White "Lenderman, Aleksandr"]
[Black "Xiong, Jeffery"]
[Result "1/2-1/2"]
[WhiteElo "2607"]
[BlackElo "2700"]
[Annotator "TA"]
[PlyCount "75"]
[EventDate "2021.10.06"]
[EventCountry "USA"]
[SourceTitle "playchess.com"]
[Source "ChessBase"]
[SourceQuality "1"]

{[%evp 13,75,15,18,8,21,20,16,12,23,20,16,20,19,17,26,34,25,24,40,30,59,50,53,48,52,43,47,47,64,56,76,35,48,47,41,50,40,30,33,19,23,19,27,-20,-24,-20,-34,-17,0,0,0,0,0,0,0,0,0,0,0,0,0,0,0,0]} 1. d4 Nf6 2. c4 e6 3. Nc3 d5 4. cxd5 exd5 5. Bg5 c6 6. e3 Bd6 7. Bd3 O-O 8. Qc2 {D35: Queen's Gambit Declined: Exchange Variation.} h6 9. Bh4 Re8 10. Nge2 a5 11. h3 Na6 12. a3 Nc7 13. O-O Bd7 14. Rae1 {[#]} Be7 $146 ({Predecessor:} 14... b5 15. e4 dxe4 16. Nxe4 Be7 17. Nc5 Nfd5 18. Bg3 Bxc5 19. dxc5 Ne6 20. Bd6 Qf6 {1-0 (32) Andreikin,D (2728)-Urazayev,A (2453) Chess.com INT 2021}) 15. Bg3 Rc8 16. Be5 Be6 17. Nf4 Bd6 18. Bxd6 Qxd6 19. Na4 Rb8 20. Rc1 Ne4 21. Rfe1 Bd7 22. f3 (22. Nb6 {feels hotter.} Na8 23. Nxd7 Qxd7 24. Qb3 Nd6 25. Rc5) 22... Nf6 23. Qc5 Qxc5 24. Nxc5 Bc8 25. Bf1 Re7 26. Na4 Bf5 27. g4 g5 28. gxf5 {[#] Hoping for Nd3.} (28. Nd3 {is more complex.} Bh7 29. Ne5 Nfe8 30. Nc5 Kg7 31. Ned7) 28... gxf4 29. exf4 Rxe1 30. Rxe1 Re8 {The position is equal.} 31. Rc1 Nd7 32. Kf2 Kg7 33. Bd3 Ra8 34. Nc3 Nf6 35. Na4 Nd7 36. Nc3 Nf6 37. Na4 Nd7 38. Nc3 {Weighted Error Value: White=0.05/Black=0.05} 1/2-1/2

[Event "USA Championship 2021"]
[Site "Saint Louis"]
[Date "2021.10.13"]
[Round "7.6"]
[White "Burke, John M"]
[Black "So, Wesley"]
[Result "0-1"]
[WhiteElo "2554"]
[BlackElo "2778"]
[Annotator "TA"]
[PlyCount "68"]
[EventDate "2021.10.06"]
[EventCountry "USA"]
[SourceTitle "playchess.com"]
[Source "ChessBase"]
[SourceQuality "1"]

{[%evp 9,68,11,11,8,15,20,41,10,8,-22,-25,-28,0,0,0,16,11,-70,-62,-78,-84,-72,-15,-68,-61,-65,-67,-73,-58,-54,-77,-75,-88,-109,-102,-115,-111,-93,-81,-74,-87,-103,-113,-95,-40,-93,-93,-97,-102,-219,-183,-164,-175,-264,-275,-444,-485,-474,-473,-425,-380]} 1. e4 e5 2. Nf3 Nc6 3. Bb5 Nf6 4. d3 Bc5 5. c3 O-O 6. O-O {C65: Ruy Lopez: Berlin Defence (3...Nf6), unusual lines and 4 0-0 Bc5.} Re8 7. Nbd2 a6 8. Ba4 {White is slightly better.} (8. Bxc6 $5 dxc6 9. Nc4 $11) 8... d5 9. d4 exd4 10. cxd4 Ba7 ({Reject} 10... Nxd4 $6 11. Bxe8 Nxe8 12. Nxd4 $16) 11. e5 {Threatens to win with Bxc6.} Ne4 12. Bxc6 bxc6 13. Qc2 ({White should play} 13. Nb3 $11) 13... Bf5 $1 $15 14. Qxc6 Re6 15. Qa4 c5 (15... Rg6 $17) 16. dxc5 {[#]} (16. Nxe4 $11 dxe4 17. Ng5) 16... Nxc5 $146 ({Predecessor:} 16... Rg6 17. Nxe4 Bxe4 18. Ne1 Bxc5 19. Kh1 Qb8 20. f3 Bf5 21. Qa5 Rc6 22. f4 Be4 {0-1 (44) Colbow,C (2167)-Keller,P (2279) Vellmar 2019}) 17. Qf4 Bd3 18. b4 $1 {[%cal Rb4c5]} Ne4 19. Nxe4 dxe4 20. Ng5 {[%mdl 64] [#] Double Attack} Re7 21. Bb2 e3 ({Much worse is} 21... Bxf1 $6 22. Rxf1 Qd3 23. Nxe4 $15) 22. fxe3 Bxf1 23. Rxf1 {And now Qe4 would win.} Qd3 24. Bd4 Bxd4 25. exd4 {[%cal Rg5f7]} Rd8 $36 {[%mdl 2048] Black is really pushing.} 26. Nf3 Qc3 (26... Rb7 $17) 27. h4 ({White should try} 27. Nh4 $15) 27... Qxb4 $17 28. h5 h6 29. g4 (29. Rc1 $17) 29... Rb7 30. Qe4 Rb6 31. Qc2 (31. Rf2 $142) 31... Rdb8 $19 32. Rd1 $2 (32. Kf2) 32... Qa3 {Black is clearly winning.} 33. Rd3 {[#]} Rb2 $1 {[%mdl 512]} 34. Rxa3 Rxc2 {Weighted Error Value: White=0.29/Black=0.09} 0-1

[Event "USA Championship 2021"]
[Site "Saint Louis"]
[Date "2021.10.14"]
[Round "8.1"]
[White "Xiong, Jeffery"]
[Black "Caruana, Fabiano"]
[Result "1/2-1/2"]
[WhiteElo "2700"]
[BlackElo "2800"]
[Annotator "TA"]
[PlyCount "80"]
[EventDate "2021.10.06"]
[EventCountry "USA"]
[SourceTitle "playchess.com"]
[Source "ChessBase"]
[SourceQuality "1"]

{[%evp 12,80,13,17,16,18,22,0,25,0,0,4,6,16,0,11,10,13,9,4,31,27,27,28,20,27,29,27,17,4,36,35,29,33,64,64,52,28,27,0,0,0,0,0,0,0,33,0,0,0,0,0,0,0,0,0,0,0,0,0,0,0,0,0,0,0,0,0,0,0,0]} 1. Nf3 d5 2. d4 Nf6 3. c4 e6 4. Nc3 Bb4 5. Qa4+ Nc6 6. e3 O-O 7. Bd2 dxc4 {D38: Queen's Gambit Declined: Ragozin Defence (4 Nf3 Bb4).} 8. Bxc4 Bd6 9. Qc2 e5 10. dxe5 Nxe5 11. Nxe5 Bxe5 12. f4 Bxc3 13. Bxc3 g6 14. e4 {[#]} Re8 $146 ({Predecessor:} 14... Qe7 15. Bxf6 Qxf6 16. O-O Be6 17. e5 Qe7 18. Bxe6 fxe6 19. g3 Rad8 20. Rad1 c6 {½-½ (29) Daroczy,S (2136)-Huber,M (2286) ICCF email 2018}) 15. Bd3 Nxe4 16. Bxe4 {[#] Threatens to win with 0-0.} Bf5 17. Be5 Bxe4 18. Qxe4 {0-0 is the strong threat.} f6 {[#]} 19. O-O $1 {Strongly threatening Qc4+.} fxe5 20. fxe5 {Black must now prevent Qc4+.} Qe7 21. Qxb7 Qxe5 22. b3 a5 23. Rac1 c5 24. Qb5 a4 25. Qc4+ (25. Kh1 {with more complications.} Qe6 26. bxa4 Qxa2 27. Rf4 Qd5 28. h3) 25... Qe6 26. bxa4 (26. Qxc5 {keeps more tension.} Rac8 27. Qd4 Rxc1 28. Rxc1 axb3 29. axb3 Qxb3 30. h4) 26... Qxc4 27. Rxc4 $11 {[%mdl 4096] Endgame KRR-KRR} Re2 28. Rf2 Re1+ 29. Rf1 Re2 {The position is equal.} 30. a3 Re3 31. Rf3 (31. Ra1 {feels hotter.} Kg7 32. Kf2 Rb3 33. g3 Rb2+ 34. Kg1) 31... Rxf3 32. gxf3 {KR-KR} Kf7 33. Rxc5 Rxa4 34. Rc3 Kf6 35. Kf2 g5 36. Ke3 Rh4 37. Rc2 Ra4 38. Rc3 Rh4 39. Rc2 Ra4 40. Rc3 Rh4 {Weighted Error Value: White=0.04/Black=0.03} 1/2-1/2

[Event "USA Championship 2021"]
[Site "Saint Louis"]
[Date "2021.10.14"]
[Round "8.2"]
[White "Sevian, Samuel"]
[Black "Dominguez Perez, Leinier"]
[Result "1/2-1/2"]
[WhiteElo "2654"]
[BlackElo "2760"]
[Annotator "TA"]
[PlyCount "79"]
[EventDate "2021.10.06"]
[EventCountry "USA"]
[SourceTitle "playchess.com"]
[Source "ChessBase"]
[SourceQuality "1"]

{[%evp 16,79,5,0,0,0,4,5,5,5,12,5,4,3,13,0,0,7,0,0,0,0,0,0,0,0,0,0,0,0,0,0,0,0,0,0,0,0,0,0,0,0,0,0,0,0,0,0,0,0,0,0,0,0,0,0,0,0,0,0,0,0,0,0,0,0]} 1. e4 e5 2. Nf3 Nf6 3. d4 Nxe4 4. Bd3 d5 5. Nxe5 Nd7 6. Nc3 Nxc3 7. bxc3 Bd6 8. O-O O-O 9. Re1 {The position is equal.} c5 {The modern move. C43: Petroff Defence: 3 d4.} 10. Nxd7 Qxd7 11. dxc5 Bxc5 12. Qh5 {[%csl Gd3][%cal Rh5h7] [#]} h6 {[#]} 13. Be3 $146 ({Predecessor:} 13. h3 Qd6 14. Qh4 Qd8 15. Qg3 Bd6 16. Bf4 Bxf4 17. Qxf4 Re8 18. Qd4 Rxe1+ 19. Rxe1 {½-½ (25) Grandelius,N (2670)-Nguyen,T (2577) Tornelo INT 2021}) 13... Bxe3 14. Rxe3 Qd6 15. Qh4 Bd7 16. Qd4 Rfe8 17. Rxe8+ Bxe8 18. c4 Bc6 19. Be4 {[%cal Rc4d5]} Qb4 $1 20. Bxd5 Bxd5 21. Qxd5 $11 {[%mdl 4096] Endgame KQR-KQR} Rc8 22. a3 Qc3 (22... Qxc4 {with more complications.} 23. Qxb7 Qxc2 24. g3 Rc7 25. Qd5 Kh7) 23. Rb1 b6 24. Qd7 Qxc4 25. Qxa7 Qxc2 {[%cal Rc2b1] [#]} 26. Re1 Qc3 {[%cal Rc3e1]} (26... Qb2 {seems wilder.} 27. g3 Qc3 28. Rf1 Qf6 29. a4 Rc4) 27. Kf1 Qd3+ (27... Qb2 {feels hotter.} 28. g3 g6 29. Kg2 Rc2 30. Qb8+ Kg7) 28. Kg1 Qd2 {[%cal Rd2e1]} 29. Rf1 Qa5 (29... Qd4 {is interesting.} 30. a4 Rc4 31. a5 bxa5 32. Qxa5 g6) 30. Qe7 Ra8 (30... Qd5 {looks sharper.} 31. Qb4 b5 32. Qb1 g5 33. Rd1 Qe5) 31. Qb7 Qa6 (31... Re8 {is more complex.} 32. Qf3 Re6 33. Qd3 Re1 34. g3 Rxf1+ 35. Kxf1 Qc5) 32. Qxa6 Rxa6 {KR-KR} 33. Ra1 Kf8 34. Kf1 Ke7 35. Ke2 Kd6 36. Rd1+ Kc6 37. Rc1+ Kd6 38. Rd1+ Kc6 39. Rc1+ Kd6 40. Rd1+ {A rather calm draw.  Weighted Error Value: White=0.01/Black=0.00} 1/2-1/2

[Event "USA Championship 2021"]
[Site "Saint Louis"]
[Date "2021.10.14"]
[Round "8.3"]
[White "Shankland, Sam"]
[Black "So, Wesley"]
[Result "1/2-1/2"]
[WhiteElo "2714"]
[BlackElo "2778"]
[Annotator "TA"]
[PlyCount "83"]
[EventDate "2021.10.06"]
[EventCountry "USA"]
[SourceTitle "playchess.com"]
[Source "ChessBase"]
[SourceQuality "1"]

{[%evp 19,83,27,19,0,0,0,0,0,0,0,14,23,31,22,31,0,0,0,0,0,31,29,25,0,8,12,14,0,0,0,0,0,0,0,0,0,0,0,0,0,0,0,0,0,0,0,0,0,0,-8,-8,-8,0,0,0,0,0,0,0,0,0,0,0,0,0,0]} 1. e4 e5 2. Nf3 Nc6 3. Bb5 Nf6 4. O-O Nxe4 5. d4 Nd6 6. Bxc6 dxc6 7. dxe5 Nf5 8. Qxd8+ Kxd8 9. Nc3 Be7 10. Rd1+ Ke8 11. g4 {C67: Ruy Lopez: Berlin Defence: 4 0-0 Nxe4.} Nh4 12. Nxh4 Bxh4 13. f3 h5 14. h3 hxg4 15. hxg4 f6 16. exf6 gxf6 17. Bf4 f5 18. g5 Rh5 19. Ne2 {[#]} Be6 $146 (19... Kf7 {is interesting.} 20. Rd2 Bxg5 21. Bxg5 Rxg5+ 22. Kf2 Rg8) ({Predecessor:} 19... Kf7 20. Rd8 Bxg5 21. Bxg5 Rxg5+ 22. Kf2 Rg8 23. Rxg8 Kxg8 24. Kg3 Be6 25. Nd4 Kf7 {½-½ (55) Kokkila,T (2543)-Stull,N (2574) ICCF email 2012}) 20. Kg2 ({Much worse is} 20. Bxc7 Rxg5+ 21. Kf1 Kf7 $15) 20... Kf7 21. Ng3 (21. Rh1 {keeps more tension.} Kg6 22. Bxc7 Bxg5 23. Rxh5 Kxh5 24. Nf4+) 21... Bxg3 {The position is equal.} (21... Rh7 {with more complications.} 22. Rh1 Kg6 23. b3 Bg8 24. Bxc7 Bxg5 25. Rxh7 Bxh7 26. Rd1 Re8) 22. Kxg3 Rah8 23. Kf2 Rh4 24. Bxc7 f4 {[#] ...Rh2+ is the strong threat.} 25. Rg1 Kg6 26. Rad1 Rh2+ 27. Rg2 Rxg2+ 28. Kxg2 Kxg5 $11 {[%mdl 4096] Endgame KRB-KRB} 29. Rd4 Bxa2 30. Bxf4+ Kf5 31. Bg3 Bd5 32. Rf4+ Kg6 33. Rg4+ Kf7 34. Rh4 Rxh4 35. Bxh4 {KB-KB} b5 36. b4 Ke6 37. Bf2 a6 38. Bd4 Ba2 39. Kf2 Bd5 40. Kg2 Bc4 41. Kf2 Bd5 42. Kg2 {Not much happened in this game.  Weighted Error Value: White=0.04/Black=0.02} 1/2-1/2